| 000 | 01394nam a2200289 4500 | ||
|---|---|---|---|
| 003 | CO-CtgCURN | ||
| 005 | 20250329165428.0 | ||
| 008 | 160531s2002 000 0 eng d | ||
| 040 |
_aCO-CtgCURN _bspa _ccoctgcurn |
||
| 082 | 0 |
_aENF 2002 _bC431 |
|
| 100 | 1 | _aChacon Yepes, Danys Arleth. | |
| 245 | 1 | 0 |
_aMotivacion socio-animica en adultos mayores del Refugio La Milagrosa / _cDanys Arleth Chacon Yepes, Iris del Socorro Varela Marchena, Yeny Paola Vega Alvarez ; asesor, Doris Zuluaga. |
| 260 |
_aCartagena de Indias : _bCorporación Universitaria Rafael Núñez, _c2002. |
||
| 336 | _2rdacontent | ||
| 337 |
_2rdamedia _asin mediacion _bn |
||
| 338 |
_2rdacarrier _avolumen _bnc |
||
| 502 | _aTrabajo de grado (Enfermera (o)). Corporacion Universitaria Rafael Nuñez. Facultad de Ciencias de la Salud. Programa de Enfermeria, 2002. | ||
| 504 | _aIncluye bibliografia. | ||
| 590 | _aEnfemeria | ||
| 650 | 0 |
_aEnfermeria _vTesis y disertaciones academicas. |
|
| 700 | 1 | _aVarela Marchena, Iris del Socorro. | |
| 700 | 1 | _aVega Alvarez, Yeny Paola. | |
| 700 | 1 |
_aZuluaga, Doris, _easesor. |
|
| 856 | 7 |
_uhttps://unicurn.sharepoint.com/:b:/s/biblioteca/EQe3l9qyqWJNqauNsx59WYQBhKFkJT-JKxOISJHu5J1fqg?e=o8PHNo _zClick aqui para ver el recurso en texto completo |
|
| 942 |
_hENF 2002 _iC431 _2ddc _cTG |
||
| 999 |
_c3644 _d3644 |
||